LEADER 01714nam 2200337 n 450 001 996394246503316 005 20200824132810.0 035 $a(CKB)3810000000004994 035 $a(EEBO)2240889769 035 $a(UnM)99859045e 035 $a(UnM)99859045 035 $a(EXLCZ)993810000000004994 100 $a19850504d1644 uy | 101 0 $aeng 135 $aurbn||||a|bb| 200 10$aAllegiance not impeached$b[electronic resource] $eviz, by the Parliaments taking up of arms (though against the Kings personall commands) for the just defence of the Kings person, crown and dignity, the laws of the land, liberties of the subject: yea, they are bound by the oath of their allegiance, and trust reposed in them, to doe it. Proved, partly from the words of the oath it self: and partly, from the principles of nature and of law, alledged for such by the Lord Chancellor Elsmore, and twelve other judges in the case of Calvin (a Scot by birth) as appeares in the seventh part of Justice Cooks reports, in Calvins case: which case is briefly set down in the Epistle to the reader. By Robert Austine. D.D 210 $aPrinted at London $cby Rich. Cotes, for Joh. Bellamy$d1644 215 $a[8], 30 [i.e. 50], [4] p 300 $aReproduction of original in Thomason Collection, British Library. 330 $aeebo-0018 607 $aGreat Britain$xHistory$yCivil War, 1642-1649 700 $aAustin$b Robert$fb. 1592 or 3.$01007434 701 $aEgerton$b Thomas$cSir,$f1540?-1617.$01003863 801 0$bCu-RivES 801 1$bCu-RivES 801 2$bCStRLIN 801 2$bWaOLN 906 $aBOOK 912 $a996394246503316 996 $aAllegiance not impeached$92320855 997 $aUNISA LEADER 02275oam 2200421z- 450 001 9910148632803321 005 20180330082402.0 010 $a0-8487-4946-4 035 $a(CKB)3710000000921467 035 $a(EXLCZ)993710000000921467 100 $a20210505c2016uuuu -u- - 101 0 $aeng 200 00$aCamp Sunset $ea modern camper's guide to the great outdoors /$fedited by Elaine Johnson and the editors of Sunset ; with Matt Jaffe 210 $cOxmoor House 311 $a0-8487-4708-9 327 $aGetting organized -- Camp setup & basic skills -- The best camp food ever -- Exploring the great outdoors -- Fun in camp. 330 $aFAMILY & RELATIONSHIPS. Plan your next adventure with this complete guide to exploring nature, campfire cooking, and sleeping under the stars. The experts at Sunset draw on more than a century of outdoor experience to create a guide that leaves no stone unturned. Easy to navigate and chock full of clear how-to's, handy checklists, lush photographs, and a nifty pull-out glow-in-the-dark constellation map, Camp Sunset offers something for everyone. You'll find essential advice on choosing the right gear, setting up camp, and dealing with local critters, alongside Sunset's best tips for an unforgettable trip. Learn to whip up a flawless camp stove meal, mix a cocktail to match, and stargaze like a pro. Discover hands-on activities for campers of all ages, plus special features on photographing nature, foraging, and telling campfire stories. 606 $aOutdoor recreation$vHandbooks, manuals, etc 606 $aCamping$vHandbooks, manuals, etc 606 $aOutdoor life$vHandbooks, manuals, etc 606 $aWilderness survival$vHandbooks, manuals, etc 606 $aWilderness survival$vHandbooks, manuals, etc 606 $aCamping$vHandbooks, manuals, etc 608 $aHandbooks and manuals. 615 0$aOutdoor recreation 615 0$aCamping 615 0$aOutdoor life 615 0$aWilderness survival 615 1$aWilderness survival 615 1$aCamping 676 $a796.54 702 $aJohnson$b Elaine 702 $aJaffe$b Matthew 712 02$aSunset Magazine (Firm) 906 $aBOOK 912 $a9910148632803321 996 $aCamp Sunset$92894106 997 $aUNINA